Who Wrote That? #25 - Statistics

General Stats
  • This quiz has been taken 22 times
  • The average score is 3 of 10
Answer Stats
Hint Explanation Answer % Correct
“Listen, my children, and you shall hear
Of the midnight ride of Paul Revere,
On the eighteenth of April, in Seventy-five;
Hardly a man is now alive
Who remembers that famous day and year.”
“Paul Revere’s Ride” Henry Wadsworth Longfellow
65%
"What goes around may come around, but it never ends up exactly the same place, you ever notice? Like a record on a turntable, all it takes is one groove's difference and the universe can be on into a whole 'nother song." Inherent Vice Thomas Pynchon
41%
"I opened myself to the gentle indifference of the world." The Stranger Albert Camus
35%
"There was a long hard time when I kept far from me the remembrance of what I had thrown away when I was quite ignorant of its worth." Great Expectations Charles Dickens
35%
“My heart aches, and a drowsy numbness pains
          My sense, as though of hemlock I had drunk,
Or emptied some dull opiate to the drains
          One minute past, and Lethe-wards had sunk:
'Tis not through envy of thy happy lot,
          But being too happy in thine happiness,—
                  That thou, light-winged Dryad of the trees
                          In some melodious plot
          Of beechen green, and shadows numberless,
                  Singest of summer in full-throated ease.”
“Ode to a Nightingale” John Keats
35%
"We live in the flicker — may it last as long as the old earth keeps rolling! But darkness was here yesterday." Heart of Darkness Joseph Conrad
24%
"All minds quote. Old and new make the warp and woof of every moment. There is no thread that is not a twist of these two strands. By necessity, by proclivity and by delight, we all quote." “Quotation and Originality” Ralph Waldo Emerson
24%
"Among other things, you’ll find that you’re not the first person who was ever confused and frightened and even sickened by human behavior. You’re by no means alone on that score, you’ll be excited and stimulated to know. Many, many men have been just as troubled morally and spiritually as you are right now. Happily, some of them kept records of their troubles. You’ll learn from them — if you want to. Just as someday, if you have something to offer, someone will learn something from you. It’s a beautiful reciprocal arrangement. And it isn’t education. It’s history. It’s poetry." The Catcher in the Rye J. D. Salinger
18%
"Have patience with everything that remains unsolved in your heart. Try to love the questions themselves, like locked rooms and like books written in a foreign language. Do not now look for the answers. They cannot now be given to you because you could not live them. It is a question of experiencing everything. At present you need to live the question. Perhaps you will gradually, without even noticing it, find yourself experiencing the answer, some distant day." Letters to a Young Poet Rainer Maria Rilke
18%
"Travel far enough, you meet yourself." Cloud Atlas David Mitchell
12%
No matching quizzes found
Score Distribution
Percent of People with Each Score
Percentile by Number Answered
Your Score History
You have not taken this quiz